Normal view
MARC view
Entry Personal Name
001 - CONTROL NUMBER
- control field: 22295
003 - CONTROL NUMBER IDENTIFIER
- control field: OSt
005 - DATE AND TIME OF LATEST TRANSACTION
- control field: 20211105134637.0
008 - FIXED-LENGTH DATA ELEMENTS
- fixed length control field: 211105|| aca||aabn | a|a d
040 ## - CATALOGING SOURCE
- Original cataloging agency: OSt
- Transcribing agency: OSt
100 ## - HEADING--PERSONAL NAME
- Personal name: Watanabe, T., ed
670 ## - SOURCE DATA FOUND
- Source citation: Work cat.: (OSt): International Symposium on the Yokhov Scientific Results Japan 1993 Feb. 23-25 22293, X-Ray solar physics from Yohkov, 1994